000 01307namaa22003131i 4500
005 20260405114624.0
008 260205s1995 ua a|||frm||| 000 0 eng d
040 _aEG-GICUC
_beng
_cEG-GICUC
_dEG-GICUC
_erda
041 0 _aeng
_beng
_bara
049 _aDeposit
097 _aPh.D
099 _aCai01.12.01.M.Sc.1995.Na.C.
100 0 _aNabil Rezk Mansour,
_epreparation.
245 1 0 _aCase Study For Severity Of Rising Sand Concerning Two Similar Synoptic Situations In Egypt /
_cBy Nabil Rezk Mansour; Under The Supervision Of Prof. Dr. M.G. EL-Fandy, Dr. A.A. Hassan.
246 1 5 _aدراسة حالة من العواصف الرملية في مصر بوضعين متشابهين للخرائط السنوبتيكية
264 0 _c1995.
300 _a68 Leaves :
_billustrations ;
_c30 cm. +
336 _2rda content
_atext
337 _2rdamedia
_aUnmediated
338 _2rdacarrier
_avolume
502 _aThesis (M.Sc.) -Cairo University,1995.
504 _aBibliography: pages 68.
653 0 _aMeteorlogy
700 0 _aM.G. EL-Fandy
_ethesis advisor.
700 0 _aA.A. Hassan
_ethesis advisor.
900 _DDepartment of Meteorlogy
_FFaculty of Science
_UCairo University
_b1995
_cM.G. EL-Fandy
_cA.A. Hassan
905 _aEman El gebaly
_eNourhan
942 _2ddc
_cTH
_e21
_n0
999 _c178211